Бадамжавын Чогсом (Бичлэгийн дугаар. 1145200)

MARC дэлгэрэнгүй
000 -Удирдлага
Ном зүйн бүртгэл тоо буюу кодлох утгыг агуулсан 01985nam a22002177a 4500
003 - ХЯНАЛТЫН ТОО ТОДОРХОЙЛОГЧ
Код MN-UlNLM
005 - ХАМГИЙН СҮҮЛИЙН ҮЕИЙН ХЭЛЦЛИЙН ОГНОО БА ЦАГ
Тухайн бичилтийг бичсэн засварласан сүүлийн огноо. 20241118161313.0
008 - ЕРӨНХИЙ МЭДЭЭЛЭЛ-ЭЛЕМЕНТҮҮДИЙН ӨГӨГДЛИЙН УРТ
fixed length control field 240924s2013 mp ||||| |||| 00| 0 mon d
020 ## - ОЛОН УЛСЫН СТАНДАРТ НОМЫН ДУГААР-ISBN
Олон Улсын Стандарт Номын Дугаар 9789996226281
040 ## - ЭХ СУРВАЛЖИЙГ ТОДОРХОЙЛОН БИЧИХ
Каталогийн хэл Монгол
084 ## - БУСАД АНГИЛЛЫН ДУГААР
Ангиллын нэр Номын сан номзүйн ангилал
Анги 85.143(5Мон)-8
Зохиогчийн 3-н тэмдэгт Б 33
Шинжлэх ухааны мэдлэгийн салбар Урлаг - 85
100 1# - ЗОХИОГЧИЙН ХЭСЭГ
Зохиогчийн нэр Батчулуун Л.
245 1# - ҮНДСЭН ГАРЧИГ
Гарчиг Бадамжавын Чогсом
Оролцогчдын тухай мэдээ Хян. С.Галсан
260 1# - ГАРАЛТЫН ТУХАЙ МЭДЭЭ
Хэвлэгдсэн газар УБ
Хэвлэлийн газар Соёмбо принтинг
Хэвлэгдсэн он 2013
300 ## - ТООНЫ МЭДЭЭ
Хуудасны тоо 234х
Дагалдах материал Зур
505 ## - FORMATTED CONTENTS NOTE
Title Тэргүүн бүлэг. Б.Чогсомын намтар --
-- Дэд бүлэг. Б.Чогсом зураачийг төрүүлсэн орчин --
-- Гутгаар бүлэг. Б.Чогсомын уран бүтээлийн задлан шинжилгээ --
-- Дөрөвдүгээр бүлэг. Бадамжавын Чогсомын уран бүтээлийн онцлог --
-- Тавдугаар бүлэг. Урлан бүтээх онцлог --
-- Зургаадугаар бүлэг. Хөрөг зургийн уран чадвар --
-- Долоодугаар бүлэг. Авьяас билигт зураач --
-- Наймдугаар бүлэг. Зураасан зурагт оруулсан хувь нэмэр --
-- Есдүгээр бүлэг. Б.Чогсом соён гэгээрүүлэгч --
-- Аравдугаар бүлэг. Зураач Бадамжавын Чогсомын амьдрал уран бүтээлийн товчоон --
-- Арваннэгдүгээр бүлэг. Монголын эртний дүрслэх урлагийн эх үүсгэвэр, түүний хөгжил --
-- Арванхоёрдугаар бүлэг. Б.Чогсомын хүртсэн гавьяа шагнал, алдар цол --
-- Арвангуравдугаар бүлэг. Номд ашигласан нэр томьёо --
-- Хавсралт зургийн тайлбар --
546 ## - ХЭЛНИЙ ТУХАЙ МЭДЭЭ
Хэл mon
650 ## - Сэдэв
Сэдэв Урлаг
650 ## - Сэдэв
Сэдэв Монголын уран зураг
942 ## - ЭЛЕМЕНТИЙН ТӨРӨЛ
Төрөл Ном
Захиалгууд
Буцаан татагдсан төлөв Хасагдсан шалтгаан Гэмтсэн төлөв Захиалах боломжгүй Үндсэн номын сан Одоогийн байршил Бүртгэсэн огноо Бүрдүүлэлтийн эх үүсвэр Үнэ Хамгийн сүүлд байсан огноо Нийт уншлаганд гарсан тоо Ангиллын нэр Фактур мөрийн дугаар Төрөл
        Ном бүрдүүлэх, боловсруулах, солилцох хэсэг Ном бүрдүүлэх, боловсруулах, солилцох хэсэг 2024-09-24 Нөхөн бүрдүүлэлт 50000.00 2024-09-24   Номын сан номзүйн ангилал 240204.00 Ном